| Registos Bibliográficos associados ao registo de autoridade |
|
Etiqueta de registo: 00000nam 2200025 450 001 1962786 003 http://id.bnportugal.gov.pt/bib/catbnp/1962786 100 ## $a20170517d2016 k y0pory01030103ba 101 0# $aeng$dpor 102 ## $aPT 105 ## $ay m 000yy 106 ## $ar 200 1# $aMonocarboxylate transporters in gliomas$eregulation and therapeutic implications$dTransportadores de monocarboxilatos em gliomas$eregulação e implicações terapêuticas$fVera Mónica Miranda Gonçalves$gorient. Maria de Fátima Monginho Baltazar, Rui Manuel Vieira Reis$zpor 210 #9 $a[S.l.$cs.n.],$d2016 215 ## $aXXXV, 254 p.$d30 cm 328 #1 $aTese dout. Ciências da Saúde, Escola Ciências da Saúde, Univ. do Minho, 2016 510 1# $aTransportadores de monocarboxilatos em gliomas$eregulação e implicações terapêuticas$zpor 675 ## $a616.831-006.04-085(043)$vBN$zpor$31551368 675 ## $a577.21(043)$vBN$zpor$3486758 675 ## $a577.112(043)$vBN$zpor$3324005 700 #1 $aGonçalves,$bVera Mónica Miranda$31680984 702 #1 $aBaltazar,$bMaria de Fátima Monginho$4727$31494788 702 #1 $aReis,$bRui Manuel Vieira$4727$31088480 801 #0 $aPT$bBN$gRPC 966 ## $lBN$mFGMON$sS.A. 166042 V.$x1
Etiqueta de registo: 00254nam 2200025 450 001 2283869 003 http://id.bnportugal.gov.pt/bib/catbnp/2283869 100 ## $a20260408d2025 k y0pory01030103ba 101 0# $aeng$dpor 102 ## $aPT 105 ## $aa m 000yy 106 ## $ar 200 1# $aUncovering the role of epitranscriptomic alterations in kidney cancer$fCatarina Guimarães Teixeira$gorient. Carmen de Lurdes Fonseca Jerónimo, Rui Manuel Ferreira Henrique, Vera Mónica
Miranda Gonçalves 210 #9 $aPorto$c[s.n.],$d2025 215 ## $aXXVII, 222 p.$d30 cm 328 #1 $aTese dout. Patologia e Genética Molecular, Faculdade de Medicina da Universidade do
Porto, 2025 700 #1 $aTeixeira,$bCatarina Guimarães$31995004 702 #1 $aJerónimo,$bCarmen de Lurdes Fonseca$4727$31040859 702 #1 $aHenrique,$bRui$4727$31361193 702 #1 $aGonçalves,$bVera Mónica Miranda$4727$31680984 801 #0 $aPT$bBN$gRPC 966 ## $lBN$mFGMON$x1 971 ## $cabrito$d20260408
|
|
|